000 00504nam a2200181Ia 4500
008 180921t2015 xxu||||| |||| 00| 0 sin d
041 _asin
080 _a8-31
_b(Russian) PAL
100 _aPalevoy, Barees
245 _aසැබෑ මිනිසෙකුගේ කතාවක්
246 _aSaba Minisakuge Kathawak
260 _bKurulu poth
_aRajagiriya
_c2015
300 _a204p, 21cm
700 _aDadigama
_etr.
942 _cBK
999 _c12352
_d12352
003 LK-CoDNM
040 _aLK-CoDNM
_dLK-CoDNM
_eLK-CoDNM